000 00671nam a2200253Ia 4500
001 30904
005 20240114001506.0
007 ta
008 060728s1389 g b000 u 346 u
020 _cHB
040 _aCotton College,Assam
041 _a346
082 _a891.4409
_bSa 71 Sa
100 _aSarkar, Dinesh Ch. .
245 0 _aSangskritik Itihaser Prasanga Vol. 2 /
_cDinesh Ch. Sarkar.
_hTextual Documents
250 _a1st ed. /
260 _aCalcutta :
_bSahityalok ,
_c1389.
300 _a288p. ;
_c22cm.
653 _aBengali Literature-Criticism
653 _aG-Bengali
942 _2ddc
_cBK
999 _c30886
_d30886